000 00237nam a2200109Ia 4500
008 190216s9999||||xx |||||||||||||| ||und||
100 _aJanardhanapillai
245 0 _aAlgebra
260 _bCompanion Series
300 _a354
942 _cBK
999 _c30875
_d30875